Capitali dei paesi europei anagrammati - Statistics

Statistiche generali
  • Questo quiz è stato fatto 103 volte
  • Il punteggio medio è 27 su 45
Statistiche sulle risposte
Paese anagrammato Capitale % Corretto
Aitali Roma
88%
Irgace Atene
85%
Loorgpatlo Lisbona
85%
Zivrazse Berna
81%
Gpaans Madrid
77%
Raiczao Zagabria
77%
Atmla La Valletta
75%
Siruas Mosca
75%
Anmaco Monaco
74%
Nialandfi Helsinki
73%
Iploano Varsavia
73%
Gebloi Bruxelles
71%
Cirnfaa Parigi
68%
Iezasv Stoccolma
68%
Rebais Belgrado
67%
Voksoo Pristina
66%
Smogbreulus Lussemburgo
63%
Siboasrulie Minsk
63%
Voesorengzabidiena Sarajevo
63%
Luragiab Sofia
63%
haengrui Budapest
62%
Laniaab Tirana
60%
Ngreaiam Berlino
59%
Aimarcand Copenaghen
59%
Oinlaves Lubiana
59%
Eatinos Tallin
59%
Tinchenesilte Vaduz
59%
Imraona Bucarest
56%
Teoltnai Riga
56%
Acrebupcealbci Praga
55%
Beisisaap Amsterdam
53%
Gniorave Oslo
53%
Radanor Andorra la Vella
51%
Dnlasai Reykjavik
49%
Onniregtuo Londra
48%
Alhcovscai Bratislava
45%
Snrooniam San Marino
44%
Aacdeimno Skopje
44%
Utaisar Vienna
44%
Nuarica Kiev
42%
Andrila Dublino
41%
Aavnicot Vaticano
41%
Vamaliod Chisinau
40%
Oetmgennor Podgorica
40%
Nautilia Vilnius
40%
Nessun quiz corrispondente trovato
Distribuzione punteggi
Percentuale di utenti per punteggio
Percentile per numero di risposta
I tuoi punteggi nel tempo
Non hai fatto questo quiz